000
00351pab a2200157 454500
008
180718b2008 xxu||||| |||| 00| 0 eng d
100
_a
Reddy, C. Sheela
245
_a
Ambedkar's work and mission
260
_c
2008
300
_a
p.11-13.
362
_a
12 Apr
650
_a
Ambedkar, B.R.
773
_a
Mainstream
908
_a
N
909
_a
77809
999
_c
77809
_d
77809